MARC

LEADER 00000nam0a2200000 4500
001 340032
005 20231102005210.0
035 |a (RuTPU)RU\TPU\book\366597 
090 |a 340032 
100 |a 20180208d1961 km y0rusy50 ca 
101 0 |a rus 
102 |a RU 
105 |a a z 001zy 
200 1 |a Расчет электрических измерительных устройств и систем с силовой компенсацией  |f А. П. Юркевич, Н. Я. Вовоченко  |g Московский авиационный институт (МАИ) ; под ред. Б. А. Рябова 
210 |a Москва  |c Оборонгиз  |d 1961 
215 |a 129 с.  |c ил. 
320 |a Библиогр.: с. 128 
606 1 |a Авиационные приборы электрические  |x Проектирование  |2 stltpush  |3 (RuTPU)RU\TPU\subj\480  |9 29392 
610 1 |a электрические измерительные цепи 
610 1 |a расчет 
610 1 |a структурные схемы 
610 1 |a динамические характеристики 
610 1 |a электроизмерительные приборы 
610 1 |a гальванометры 
610 1 |a моментные датчики 
610 1 |a компенсационные элементы 
675 |a 629.73.05  |v 4 
700 1 |a Юркевич  |b А. П. 
701 1 |a Вовоченко  |b Н. Я. 
702 1 |a Рябов  |b Б. А.  |4 340 
712 0 2 |a Московский авиационный институт (МАИ)  |c (1930- )  |2 stltpush  |3 (RuTPU)RU\TPU\col\3642 
801 1 |a RU  |b 63413507  |c 20180208 
801 2 |a RU  |b 63413507  |c 20180606  |g RCR 
942 |c BK